[Event "Negroponte op"]
[Site "Chalkis"]
[Date "2010.08.10"]
[Round "2"]
[White "Argiroudis, Stamatis"]
[Black "Atalik, Suat"]
[Result "0-1"]
[WhiteElo "2315"]
[BlackElo "2607"]
[Annotator "Atalik,S"]
[PlyCount "70"]
[EventDate "2010.08.09"]
[EventType "swiss"]
[EventRounds "9"]
[EventCountry "GRE"]
[SourceTitle "CBM 137 Extra"]
[Source "ChessBase"]
[SourceDate "2010.09.01"]
[SourceVersion "1"]
[SourceVersionDate "2010.09.01"]
[SourceQuality "1"]

{My opponent was a kid around the time I was playing Greek opens and leagues.
However these days he even lost his hair. Time passes by terribly quick.} 1.
Nf3 d5 2. d4 Nf6 3. c4 e6 4. g3 {Catalan is a tough opening.} dxc4 {I have
decided to take the pawn.} (4... Bb4+ 5. Bd2 Be7 6. Bg2 O-O 7. O-O c6 8. Qc2 b6
9. Rd1 Nbd7 10. Bf4 Bb7 11. Nc3 dxc4 12. Nd2 Nd5 13. Nxc4 Nxf4 14. gxf4 Qc7 15.
e3 Rad8 16. Rac1 c5 17. d5 exd5 18. Nxd5 Bxd5 19. Rxd5 b5 20. Ne5 Nxe5 21. Rxe5
Bd6 22. Rd5 Be7 $11 {is very popular these days.}) (4... Be7 5. Bg2 O-O 6. O-O
dxc4 7. Qc2 a6 8. Qxc4 b5 9. Qc2 Bb7 10. Bd2 $5 Bd6 $5 11. Rd1 (11. Re1 Be4 12.
Qc1 Bb7 13. Bg5 Nbd7 14. Nbd2 (14. e4 Be7 $1 15. Nbd2 c5 16. e5 Nd5 17. Ne4
cxd4 {may even turn out to be better for black.}) 14... c5 15. Bxf6 gxf6 16.
Nb3 c4 17. Nbd2 Rc8 $132) (11. Bg5 Nbd7 12. Nbd2 Rc8 13. Bxf6 (13. Nb3 c5 14.
Bxf6 Nxf6 15. Nxc5 Be4 16. Qc3 e5 17. e3 Bxc5 18. dxc5 Qd5 19. Rad1 Qb7 20. Ne1
Bxg2 21. Nxg2 Ne4 22. Qxe5 Rxc5 23. Qd4 Rc4 $44) 13... Nxf6 14. Nb3 Be4 15. Qc3
Qe7 $132) (11. Ng5 Bxg2 12. Kxg2 Nbd7 13. e4 e5 14. dxe5 Nxe5 15. f4 Nc4 16. e5
$2 (16. b3 Nxd2 17. Nxd2 h6 18. Ngf3 Bb4 19. Rfd1 Qe7 20. e5 Nd5 21. Nf1 Rad8
22. Nd4 c5 $13 23. Nc6 $140 $2 Qb7 24. Nxd8 Nxf4+ $19) 16... h6 17. exf6 (17.
Nf3 Ng4) 17... hxg5 18. fxg7 Re8 $40) 11... Nbd7 12. Ba5 Qb8 13. b4 e5 14. Nbd2
exd4 15. Nxd4 Bxg2 16. Kxg2 c5 17. bxc5 Bxc5 $11) 5. Na3 $2 {This really
looked like an insane idea when White has committed d4. Maybe in some Reti
type of set up after the minor piece exchange Bb2 may turn out to be handy.} (
5. Bg2 $142 a6 6. Ne5 $5 {I am only interested in this.} Bb4+ (6... c5 $5 7.
Be3 Nd5 8. dxc5 Nd7 (8... Nxe3 9. Qxd8+ Kxd8 10. fxe3 Ke8 11. c6 bxc6 12. Nxc4
$14) 9. Bd4 $5 Nxe5 10. Bxe5 Bxc5 11. Bxg7 Rg8 12. Be5 Qg5 13. f4 Qd8 14. Bxd5
Qxd5 15. Qxd5 exd5 16. Nc3 Be6 17. O-O-O O-O-O 18. Bd4 $11) 7. Nc3 Nd5 8. Bd2
b5 9. O-O Bxc3 10. bxc3 O-O 11. a4 $1 $44 (11. e4 Nb6 $1 12. Bc1 f6 13. Ng4 Bb7
14. Ba3 Re8 15. Ne3 N8d7 $17)) 5... Bxa3 ({Another idea is} 5... Bb4+ 6. Bd2
Bxa3 7. Qa4+ Nc6 8. Qxa3 (8. bxa3 Qd5) 8... Qd6 {pretty similar to the game.})
6. Qa4+ Nc6 (6... b5 $5 7. Qxa3 Qd6 $17 {is an option.}) 7. bxa3 (7. Qxa3 Qd6)
7... Qd5 8. Bg2 Bd7 $17 9. O-O $2 {This is a little bit too much.} (9. Qd1 e5
10. dxe5 Qxd1+ 11. Kxd1 Ng4 12. Ke1 O-O-O 13. Bf4 Rde8 $5 (13... Rhe8 14. Bg5
f6 15. exf6 gxf6 $17) 14. Rd1 b6 $17 (14... Bf5 $2 15. Nh4) (14... Ngxe5 15.
Nxe5 Nxe5 16. Bxe5 Rxe5 17. Bxb7+ Kxb7 18. Rxd7 {is a weird rook ending.} Kc6
19. Rxf7 Rd8 20. f4 (20. Rf3 Rb8 $17) 20... Re4 $1 (20... c3 $2 21. Kf2 c2 22.
Rc1 Rc5 23. Ke1 Kb5 24. Re7 Ka4 25. Re3 $16 {holds.}) 21. Kf2 Rd2 22. Rc1
Rdxe2+ 23. Kf3 R4e3+ 24. Kg4 c3 25. Rxg7 Rxh2 26. f5 c2 27. f6 $44 {is not
clear to judge upon.})) 9... Nxd4 10. Qd1 Nxf3+ 11. Bxf3 Qxd1 12. Rxd1 O-O-O
$19 {With two pawns up it is only matter of time to convert the advantage into
a win.} 13. Be3 e5 14. Rab1 b6 15. Rdc1 Be6 16. a4 a5 (16... Ng4 $5 17. Bxg4
Bxg4 18. Rxc4 Bxe2 19. Rc3 Rd5 $19) 17. Rb5 e4 (17... Nd5 18. Bd2 f6 $19) 18.
Bg2 h6 19. Re5 Rd7 $1 {d-line becomes important.} 20. Rxe6 (20. Bxe4 Ng4 21.
Rb5 Nxe3 22. fxe3 Rd2 23. Bf5 Rxe2 24. Rxc4 Rd8 $19) 20... fxe6 21. Bh3 Re8 22.
Rxc4 Rd1+ 23. Kg2 Kb7 {I was in between this} ({or the others} 23... c5 $5) (
23... Kd7 $19) 24. Bd4 e5 (24... Rd2 25. Bxf6 gxf6 26. Rxe4 Kc6) 25. Be3 Rb1
26. a3 Rb2 27. Kf1 Rd8 28. Bf5 Rd1+ 29. Kg2 Rxe2 30. Bxe4+ Nxe4 31. Rxe4 Rd5 (
31... Rd4 $5 32. Rxe5 Rxa4 33. Re7 Rxa3 34. Kf3 Raxe3+ 35. fxe3 Rxh2 36. Rxg7
a4 $19) 32. Kf3 Ra2 33. Rg4 (33. Kg4 Rxa3 34. Kf5 Rb3 35. Ke6 c6 36. Rg4 g5 $19
{should also win.}) 33... Rxa3 34. h4 $6 {It is already gone but} ({why not to
get a passer with} 34. Rxg7 Rxa4 35. Bxh6 Rc4 $19) 34... Rd7 35. Rc4 Rd4 $1 0-1

[Event "Lee Cup 3rd"]
[Site "Beijing"]
[Date "1996.??.??"]
[Round "6"]
[White "Atalik, Suat"]
[Black "Zhu, Chen"]
[Result "1/2-1/2"]
[WhiteElo "2525"]
[BlackElo "2420"]
[Annotator "Atalik,S"]
[PlyCount "65"]
[EventDate "1996.08.??"]
[EventType "swiss"]
[EventRounds "11"]
[EventCountry "CHN"]
[SourceTitle "CBM 054 Extra"]
[Source "ChessBase"]
[SourceDate "1996.11.01"]
[SourceVersion "1"]
[SourceVersionDate "1996.11.01"]
[SourceQuality "1"]

1. d4 d5 2. c4 c6 3. Nf3 Nf6 4. Nc3 e6 5. g3 $5 Nbd7 (5... dxc4 6. Bg2 b5 (6...
Nbd7 {-5...Nbd7} 7. Bg5 $5 $146 h6 (7... Be7 8. O-O h6 (8... b5 9. Ne5 Nxe5 10.
Bxf6) 9. Bxf6 Bxf6 10. e3) 8. Bxf6 Qxf6 9. O-O Qd8 10. e3) 7. Bg5 $1 Nbd7 8.
Ne5 Nxe5 9. Bxf6 gxf6 10. dxe5 $44) 6. Bg2 dxc4 7. a4 $6 (7. Bg5 $142 {-5...
Nbd7 6.Bg2 dc4 7.Bg5!?}) 7... Bb4 (7... Be7 8. O-O O-O 9. e4 e5 10. dxe5 Ng4
11. Bf4 Qa5 12. e6 fxe6 13. e5 $5 Ndxe5 $140 14. Nxe5 Nxe5 15. Qh5 $44) 8. O-O
O-O 9. Qc2 a5 (9... Qe7 10. Na2 (10. Bf4 Nd5 11. Bd2 $1 $44 (11. Ne4 b5)) (10.
Rd1 $5 e5 11. d5 cxd5 (11... Bxc3 12. d6 $44) 12. Nxd5 Nxd5 13. Rxd5 $13) 10...
Bd6 11. Qxc4 (11. Bf4 e5 12. dxe5 Nxe5 13. Nxe5 Bxe5 14. Bxe5 Qxe5) 11... e5
12. a5 $13) 10. Rd1 Qe7 11. Ne5 $1 Nb6 $1 (11... Nxe5 12. dxe5 Nd7 (12... Nd5
13. Ne4) 13. Bf4 $36 g5 $140 $2 14. Ne4 $1 gxf4 15. Rxd7 $18) 12. Bg5 $1 h6 13.
Bxf6 Qxf6 14. Ne4 $6 (14. e3 $142 Qe7 15. Qe2 $14) 14... Qe7 15. Nxc4 Nxc4 16.
Qxc4 e5 $1 17. d5 cxd5 18. Qxd5 Bg4 $1 19. Nc3 $1 (19. Bf3 Bxf3 20. exf3 Rfd8
21. Qb3 Rd4 $132) 19... Bxc3 20. bxc3 Rac8 $1 21. Qxb7 (21. Qxa5 Bxe2 22. Re1
Rc5 23. Qb6 Ba6 $10) 21... Qxb7 22. Bxb7 Rxc3 23. f3 (23. Rd5 Rb8 $1 24. Ba6 e4
$1 25. Kg2 (25. Rxa5 Ra8 $19) 25... Rc2 $10) 23... Bc8 $6 (23... Be6 24. Bd5 $5
) 24. Be4 Ba6 $6 (24... Be6) 25. Kf2 $2 (25. Rd5 $1 f5 26. Bd3 Bxd3 27. exd3 f4
$8 (27... Rb8 28. Ra2) (27... Rc2 28. Rf1 (28. Rxe5 Rb8 29. Rb5 Re8) 28... Rb8
29. Rf2 Rb1+ 30. Kg2 Rbb2 31. Rxc2 Rxc2+ 32. Kg1 $5 $16) 28. g4 Rc2 29. Rf1 Rb8
30. Rf2 Rb1+ 31. Kg2 Rbb2 32. Rxc2 Rxc2+ 33. Kg1 Rc1+ 34. Kf2 Rc2+ 35. Ke1 Rxh2
36. Rxe5 Rh3 37. Ke2 $10) 25... f5 26. Rdc1 $5 Rxc1 27. Bd5+ Kh7 28. Rxc1 Rc8
29. Rxc8 Bxc8 30. f4 $6 {x >>} (30. Bc6 Kg6 31. Bb5 Kf6 32. Ke3 Ke6 33. Kd3 Kd5
34. e3 $10) 30... exf4 31. gxf4 Bd7 32. Bb3 g5 $10 33. fxg5 (33. fxg5 hxg5 34.
e3 Kg6 35. Kg3 Kf6 36. h4 gxh4+ 37. Kxh4 Ke5 38. Bc2 f4 39. exf4+ Kxf4 40. Bb3
Ke3 (40... Be8 41. Kh3) 41. Kg3 Bc6 42. Kg4 Kd3 43. Kf4 Kc3 44. Bd1 Kb4 45. Ke3
Bxa4 46. Bxa4 Kxa4 47. Kd2 Kb3 48. Kc1 $10) 1/2-1/2

[Event "TUR-chT"]
[Site "Kocaeli"]
[Date "2008.06.27"]
[Round "6"]
[White "Atalik, Suat"]
[Black "Karadeniz, Ali Emre"]
[Result "1-0"]
[WhiteElo "2592"]
[BlackElo "2306"]
[Annotator "Atalik,S"]
[PlyCount "83"]
[EventDate "2008.06.24"]
[EventType "team"]
[EventRounds "15"]
[EventCountry "TUR"]
[SourceTitle "CBM 125"]
[Source "ChessBase"]
[SourceDate "2008.07.30"]
[SourceVersion "1"]
[SourceVersionDate "2008.07.30"]
[SourceQuality "1"]

1. d4 d5 2. c4 c6 3. Nf3 e6 4. b3 $5 {My funny little move.} Nd7 5. g3 Ngf6 6.
Bg2 Bb4+ 7. Bd2 (7. Nbd2 $5 {is the sacrificial way of handling the opening.}
Bc3 8. Rb1 dxc4 9. O-O $5 $44 (9. bxc4 c5)) 7... Bd6 $6 {There is no advantage
of having the bishop here besides it makes it easier for White to push e4.} (
7... Be7 8. O-O O-O 9. Qc2 $13 {goes into the category of the Catalan.}) 8. Nc3
O-O 9. O-O h6 (9... b6 10. e4 $1 $16) 10. Qc2 Re8 11. Rad1 $14 {Black is in
danger of becoming passive.} a6 12. e4 Nxe4 13. Nxe4 dxe4 14. Qxe4 Qe7 $2 ({
Good or bad he had to push} 14... e5 $1 15. dxe5 Nxe5 16. Bxh6 (16. Bf4 Nd7 $1
$14) (16. Nxe5 Rxe5 17. Qd4 Bc7 18. Qxd8+ Bxd8 19. Bxh6 Bg4 20. Rd4 gxh6 21.
Rxg4+ $14) 16... Bg4 17. Nxe5 Bxd1 18. Rxd1 Qe7 19. Nxc6 (19. Bxg7 Bxe5 $14)
19... Qxe4 20. Bxe4 Rxe4 21. Rxd6 gxh6 22. Nd4 Re1+ 23. Kg2 Rd1 24. c5 $14) 15.
Rfe1 Nf8 16. c5 Bc7 17. Bf4 Bxf4 18. Qxf4 f6 $16 19. b4 $5 (19. Nd2 $16 {
and circling the knight to d6 is more to the point.}) 19... Kh8 $6 (19... a5
20. a3 axb4 21. axb4 $14 {and Black has at least the temporary control of the
a-line.}) 20. Bf1 Bd7 21. Qc7 Rab8 22. Nh4 Rec8 23. Qa5 Qd8 24. Qa3 Qc7 25. Qb3
Re8 26. Bd3 Rbd8 27. Bc2 Bc8 28. Qc3 Qf7 29. Bb3 Qc7 30. f4 Re7 31. Qc4 Rde8
32. Qd3 $5 (32. Nf5 Rd7 33. Nd6 Red8 {and Black will sac the exchange on d6.
Remember Lasker-Capablanca from Saint Petersburg 1914 where Lasker forcefully
penetrated via e6 and the latter did not sac the exchange there.} 34. Re3 Rxd6
35. cxd6 Rxd6 $16) 32... a5 33. a3 axb4 34. axb4 b6 35. Bc2 bxc5 36. dxc5 e5 $2
{This loses on the spot.} (36... Rd7 37. Qc4 Rxd1 38. Rxd1 Rd8 39. Rxd8 Qxd8
40. Nf3 Bd7 41. Nd4 $16) 37. Ng6+ Nxg6 38. Qxg6 f5 39. fxe5 (39. Rd6 $2 e4)
39... Rxe5 $2 {Down hill.} (39... Qb7 40. Rd4 $18) 40. Qxe8+ Rxe8 41. Rxe8+ Kh7
42. Rf1 $1 {Finishes the game at once.} (42. Bb3 $18) ({or} 42. Rd6 $18 {
are also the winning moves}) ({but} 42. Rdd8 $2 Bd7 43. Rf8 Qe5 $1 $11 {
leads to a perpetual.}) ({and finally the text finishes him off in a pawn
ending.} 42. Rf1 $1 Kg6 43. Rxc8 Qxc8 44. Bxf5+ Qxf5 45. Rxf5 Kxf5 46. Kf2 Ke4
47. b5 $1 $18) 1-0

[Event "Kavala op 20th"]
[Site "Kavala"]
[Date "2011.08.01"]
[Round "4"]
[White "Atalik, Suat"]
[Black "Hadzimanolis, Antonios"]
[Result "1-0"]
[WhiteElo "2619"]
[BlackElo "2322"]
[Annotator "Atalik,S"]
[PlyCount "87"]
[EventDate "2011.07.30"]
[EventType "swiss"]
[EventRounds "9"]
[EventCountry "GRE"]
[SourceTitle "CBM 143 Extra"]
[Source "ChessBase"]
[SourceDate "2011.08.29"]
[SourceVersion "1"]
[SourceVersionDate "2011.08.29"]
[SourceQuality "1"]

1. d4 Nf6 2. c4 e6 3. Nc3 d5 4. Nf3 c6 5. g3 $5 {The Catalan type of pawn sac
is just interesting.I personally believe that Black should have enough
resources to have a fair game but the rarity of the line has a surprise effect.
} Nbd7 (5... dxc4 6. Bg2 b5 7. O-O (7. Bg5 $5 Nbd7 (7... Bb7 8. Ne5) 8. Ne5
Nxe5 9. Bxf6 gxf6 10. dxe5 $44) 7... Bb7 (7... Nbd7 8. e4 Bb7 (8... Be7 9. d5
$44) 9. e5 Nd5 10. Ng5 h6 $5 {Korobov} (10... Be7 11. Qh5 g6 12. Qh6 Bf8 13.
Qh3 Qb6 14. Be3 Be7 15. Nce4 $44) (10... Nxc3 11. Qf3 (11. bxc3 Be7 12. Qh5
Bxg5 13. Bxg5 Qb6 14. f4 c5 15. d5 $44) 11... Qe7 12. bxc3 $44) 11. Nxe6 fxe6
12. Qh5+ Ke7 13. Ne4 (13. Bg5+ hxg5 14. Qxh8 N7b6 15. Ne4 Kd7 16. Qg8 Qe8 17.
Qh7 (17. Nxg5 Qg6) 17... Rd8 18. Nxg5 Kc7) 13... Qe8 14. Bg5+ hxg5 15. Qxh8 Kd8
(15... Qg6 16. Nd6 Rb8 17. Rae1 $44 (17. Be4 Qh6 18. Qg8 $44)) 16. Nxg5 Qg6 17.
f4 (17. h4 $5) 17... Kc7 18. Be4 Qe8 19. Qh3) 8. e4) 6. Bg2 Bd6 (6... dxc4 7.
a4 $5 (7. O-O b5 (7... Be7 8. e4 O-O 9. Bf4 Re8 (9... b5 10. d5) 10. a4 a5 11.
Re1 (11. Qe2 b6 12. Rfd1 Ba6 13. Nd2 Rc8 14. Nxc4 Nd5 15. Bd2 Nb4 16. Bf4 Nd5
$11) 11... b6 12. d5 exd5 13. exd5 Bb7 14. Ng5 cxd5 15. Nxd5 Nxd5 16. Bxd5 Bxd5
17. Qxd5 Bxg5 18. Bxg5 Qc8 19. Rac1 $14) (7... Bb4 8. a3 Be7) 8. e4 Bb7 9. e5
Nd5 10. Ng5 {transposes to one of the lines mentioned above.}) 7... Be7 (7...
Bb4 8. O-O O-O 9. Qc2 Qe7 10. Bf4 Nd5 11. Bg5 f6 12. Bd2 a5 13. e4 N5b6 14. Be3
$44) 8. O-O O-O 9. a5 $5 (9. e4 e5 10. dxe5 Ng4 11. Bf4 Qa5 12. e6 fxe6 13. Qe2
Nge5 14. Nxe5 Nxe5 15. Bxe5 Qxe5 16. Kh1 g5 17. Rad1 b6 18. Qh5 Bf6 19. Qg4 $13
) 9... Nd5 10. Qc2 $5 $44) 7. O-O O-O 8. Nd2 $1 {I fully believe in White's
position.} Bb4 $5 {However my opponent believes in Black's.} 9. Qb3 Bxc3 $6 {
This down shift surprised me.} (9... a5 10. Rd1 b5 11. cxb5 cxb5 12. e4 Nb6 13.
e5 Ne8 $13) 10. bxc3 Re8 11. Ba3 e5 12. cxd5 $6 {I went for the pawn.} ({
The solid} 12. e3 $142 $16 {would have provided me with the type of game I am
supposed to be good in.}) 12... cxd5 13. Bxd5 (13. c4 exd4 14. cxd5 Nb6 15. d6
$40) 13... Nxd5 14. Qxd5 Nb6 (14... exd4 $6 15. cxd4 Rxe2 16. Ne4 $1 $16 (16.
Rfe1 $6 Re8 17. Nf3 Nb6 $15)) 15. Qxd8 Rxd8 16. Rfd1 $1 {An active move.} (16.
e3 Be6 $44) 16... exd4 (16... Na4 17. Rac1 Be6 18. Ne4 $16) (16... Be6 17. dxe5
Rxd2 (17... Na4 18. Ne4) 18. Rxd2 Nc4 19. Rad1 Nxd2 20. Rxd2 h5 $44 {with some
compensation.}) 17. cxd4 Rxd4 18. Bc5 Rd8 19. Bxb6 axb6 20. Nc4 Rf8 21. Nxb6
Ra6 $5 (21... Ra3 22. Rd3 Rxd3 23. exd3 Bf5 24. d4 Rd8 25. Rd1 Rd6 26. Nc4 Ra6
27. Rd2 Kf8 28. d5 $14) 22. Rdb1 (22. Rd6 $5) 22... Be6 23. a4 $1 g6 24. a5 Rd8
25. Rb5 (25. Kf1 Rd2 26. Ke1 Rc2 27. Rb5 $16) 25... Rd2 26. Re5 (26. Kf1 Rc2
27. Ke1 Bc4) 26... Kg7 27. Rc1 Ra2 28. Rcc5 Kf6 29. Kg2 (29. f3 Ke7 30. Nd5+
Kd6 31. Nb4 Ra1+ 32. Kf2 Ra8 33. Nd3 $16) 29... g5 $2 (29... Ra1 30. f3 $16)
30. f3 (30. f4 $1 gxf4 31. gxf4 $16 {was even better.}) 30... h6 31. h4 g4 $2 (
31... gxh4 32. gxh4 Kg7 $16 {was more playable compeared to the text.}) 32. f4
$18 Bb3 33. h5 Kg7 34. Kf2 Bd1 35. f5 $1 Bxe2 $4 $138 {A bad mistake in time
trouble.} (35... Bb3 36. Nd7 Ba4 37. f6+ Kh7 38. Nb6 Bb3 39. Ke3 Ra1 40. Nd7
Be6 41. Nf8+ Kg8 42. Nxe6 (42. Ng6 Kh7 43. Nf4 Bb3) 42... fxe6 43. Re4 R6xa5
44. Rxg4+ Kf7 45. Rc7+ Kxf6 46. Rg6+ Ke5 47. Rxh6 $18 {should be winning in
good hands.}) 36. Rxe2 R2xa5 37. Nd7 $1 Rxc5 38. Nxc5 Ra5 39. Re5 b6 ({He
obviously missed that} 39... Kf6 40. Nd7+ {loses on the spot.}) 40. Nd7 f6 41.
Rxa5 bxa5 42. Nc5 $18 {To box the king is the simplest.} (42. Nb6 Kf7 43. Ke3
Ke7 44. Kd4 Kd6 45. Nd5 $18) 42... Kf7 43. Ke3 Ke7 44. Kd4 1-0

[Event "Budapest FS12 GM-A"]
[Site "Budapest"]
[Date "2001.12.08"]
[Round "8"]
[White "Berkes, Ferenc"]
[Black "Cao, Sang"]
[Result "1-0"]
[WhiteElo "2541"]
[BlackElo "2507"]
[Annotator "Atlas,V"]
[PlyCount "97"]
[EventDate "2001.11.01"]
[EventType "tourn"]
[EventRounds "13"]
[EventCountry "HUN"]
[EventCategory "10"]
[SourceTitle "CBM 087"]
[Source "ChessBase"]
[SourceDate "2002.03.21"]
[SourceVersion "1"]
[SourceVersionDate "2002.03.21"]
[SourceQuality "1"]

1. d4 Nf6 2. c4 e6 3. g3 d5 4. Bg2 c6 5. Nf3 Bd6 6. O-O O-O 7. Nc3 Nbd7 8. Qc2
Qe7 9. c5 Bb8 10. e4 dxe4 11. Nxe4 Nxe4 12. Qxe4 Nf6 13. Qc2 Nd5 14. Re1 Bd7
15. Ne5 f6 16. Nxd7 Qxd7 17. Bh3 f5 18. Bd2 Bc7 19. Re2 Rae8 20. Rae1 Bd8 21.
Qc4 Bf6 22. a4 a6 23. b4 g6 24. Bg2 Re7 25. h4 Rd8 26. Bg5 Kf7 27. Qb3 Ree8 28.
Bf3 h5 29. Bxf6 Kxf6 30. Qb2 Kf7 31. Rd1 Re7 32. Qd2 Qe8 33. Re5 Nf6 34. Qa2
Nd5 35. Qb3 Nc7 {[%tqu "En","All White's pieces are superbly placed. How
should he continue?","Exploit an unfornunate placement of the black king and
queen.","Use your rook for the decisive strike!","e5f5","This powerful blow
deprives Black of last hopes.",5]} 36. Rxf5+ $1 {[%csl Re6,Re8,Rf7,Rg6,Rh5]
[%cal Gf3h5,Gb3f7] An impressive move, breaking Black's defense.} Kg7 ({
The rook is invulnerable:} 36... gxf5 37. Bxh5+ {, winning the queen.}) 37. Rg5
Rf7 (37... Kh7 {falls short of} 38. Be4 Rg7 39. Rxh5+) ({If} 37... Kh8 {, then}
38. Be4 Rg7 39. Qd3 {, winning the second pawn.}) (37... Kh6 {is refuted by}
38. Qe3 Kh7 39. Rxg6 {(or 39.Be4 +-)} Kxg6 (39... Qxg6 40. Be4) 40. Bxh5+ Kxh5
41. Qg5#) 38. Bxh5 Rf6 39. Bf3 Qf7 40. Be4 Rh8 41. Qe3 Nd5 42. Bxd5 exd5 43.
Re5 Rf3 44. Qe2 Qf6 45. Re7+ Kh6 46. Qd2+ Kh5 47. Re5+ Kg4 48. Rg5+ Kh3 49. Qe2
{Black resigned, since he is defenseless against the threat 50.Qf1#.} 1-0